[Event "FIDE Grand Prix 1 Pool B"]
[Site "Berlin GER"]
[Date "2022.02.10"]
[Round "6.2"]
[White "Fedoseev,Vl3"]
[Black "Rapport,R"]
[Result "0-1"]
[WhiteElo "2704"]
[BlackElo "2763"]

1.d4 d5 2.Nf3 Nc6 3.Bf4 Bg4 4.Nbd2 e6 5.e3 Bd6 6.Bxd6 cxd6 7.c4 dxc4 8.Bxc4 Nf6
9.h3 Bh5 10.Qb3 Rb8 11.Bb5 O-O 12.O-O Na5 13.Qa3 a6 14.Bd3 b5 15.Rac1 Qb6
16.Rc2 Rfc8 17.Rfc1 Rxc2 18.Rxc2 Nd5 19.Rc1 Rd8 20.Nh4 f5 21.Bb1 Be2 22.Re1 Nc4
23.Nxc4 Bxc4 24.Nf3 Nf6 25.Rc1 h6 26.Ne1 a5 27.Bd3 Bd5 28.Be2 Kh7 29.Bf3 Bc4
30.b3 Bd5 31.Qb2 b4 32.Qc2 Rd7 33.Qc8 Rd8 34.Qc2 Rd7 35.Qc8 Rd8 36.Qc2 Kg8
37.Bxd5 Nxd5 38.Qc4 Kf7 39.Nd3 g5 40.Nb2 h5 41.Qc6 Qa7 42.Nc4 Ke7 43.Re1 Qa8
44.Qxa8 Rxa8 45.a4 Nf6 46.Rc1 Rc8 47.Rb1 d5 48.Ne5 Rc3 49.g3 Rc2 50.Nd3 Ne4
51.h4 Nd2 52.Rc1 Rxc1+ 53.Nxc1 gxh4 54.gxh4 f4 55.Kg2 Kf6 56.Nd3 fxe3 57.fxe3 Nxb3
58.Kf3 Nd2+ 59.Ke2 Ne4 60.Nf4 Ng3+ 61.Kd2 Kf5 62.Kd3 Kg4 63.Nxe6 Ne4 64.Nf4 Nc3
65.Ng6 Nxa4 66.e4 dxe4+ 67.Kxe4 Nc3+ 68.Kd3 a4 69.Kc4 a3 70.Kb3 a2 71.Kb2 b3
72.Ne5+ Kxh4 73.Nf3+ Kg3 74.Nd2 h4 75.Nxb3 h3 76.Kxc3 h2  0-1

[Event "FIDE Grand Prix 1 Pool A"]
[Site "Berlin GER"]
[Date "2022.02.10"]
[Round "6.1"]
[White "Grischuk,A"]
[Black "Bacrot,E"]
[Result "1-0"]
[WhiteElo "2764"]
[BlackElo "2642"]

1.e4 c5 2.Nf3 d6 3.d4 cxd4 4.Nxd4 Nf6 5.Nc3 Nc6 6.Bg5 e6 7.Qd2 a6 8.O-O-O Bd7
9.f3 Nxd4 10.Qxd4 Be7 11.Kb1 Qc7 12.g4 h5 13.gxh5 Nxh5 14.Bxe7 Kxe7 15.Rg1 Qc5
16.Qd2 Bc6 17.Bc4 Rad8 18.Bb3 g6 19.f4 Nf6 20.Rg5 Qb6 21.Re1 Rh7 22.Nd5+ exd5
23.exd5+ Kf8 24.dxc6 Qxc6 25.Qd4 Re8 26.Rgg1 Rxe1+ 27.Rxe1 d5 28.a3 Rxh2
29.f5 gxf5 30.Qf4 Rg2 31.Qxf5 Kg7 32.Rh1 Qc5 33.Ka2 Rg1 34.Rh3 Rg6 35.Qe5 Qc8
36.Rh1 b5 37.c3 Qe6 38.Qh2 Kf8 39.Qb8+ Ne8 40.Qd8 Kg7 41.Bxd5 Qe5 42.Bb3 Qe4
43.Qd1 Nd6 44.Qh5 Kf8 45.Bd5 Qf4 46.Qh8+ Rg8 47.Qh3 Qd2 48.Qh5 Rg5 49.Qh6+ Ke7
50.Bf3 Qe3 51.Qh4 Kd7 52.Re1 Qc5 53.Qh3+ Qf5 54.Qh1 Qc5 55.Rd1 Kc7 56.Rd4 Qe5
57.Bd5 Rh5 58.Qf3 Rf5 59.Qg2 a5 60.Bb3 a4 61.Bd5 Qe1 62.Ba8 Qe6+ 63.Bd5 Qe1
64.Bf3 Qe3 65.Bg4 Rf4 66.Rd1 Qe4 67.Qd2 Qe5 68.Bh3 Rh4 69.Bg2 Qc5 70.Qe1 Qc4+
71.Ka1 Kd7 72.Bf1 Qe4 73.Qd2 Qf4  1-0

[Event "FIDE Grand Prix 1 Playoff"]
[Site "Berlin GER"]
[Date "2022.02.14"]
[Round "1.1"]
[White "Aronian,L"]
[Black "Dominguez Perez,L"]
[Result "1-0"]
[WhiteElo "2772"]
[BlackElo "2752"]

1.d4 d5 2.c4 dxc4 3.e4 b5 4.a4 c6 5.axb5 cxb5 6.Nc3 Qb6 7.Nd5 Qb7 8.Bf4 e5
9.Bxe5 Nd7 10.Bf4 Ngf6 11.Nc7+ Kd8 12.Nxa8 Qxe4+ 13.Ne2 Qxa8 14.f3 Nd5 15.Bg5+ f6
16.Bd2 Bd6 17.Ng3 Qb8 18.Kf2 Re8 19.Be2 Bc7 20.Re1 Bb6 21.Kg1 Ne5 22.Kh1 Nc6
23.b3 c3 24.Bxb5 Bd7 25.Rxe8+ Bxe8 26.Be1 Nxd4 27.Bxe8 c2 28.Qd3 Kxe8 29.Bd2 Qe5
30.Rc1 f5 31.Qc4 Ne3 32.Qc8+ Kf7 33.Qd7+ Kg6 34.f4 Qe6 35.Qxe6+ Nxe6 36.Ne2 Ng4
37.g3 Nc5 38.b4 Nd3 39.Rxc2 Ngf2+ 40.Kg2 Ne4 41.Nc1  1-0

[Event "FIDE Grand Prix 1 Playoff"]
[Site "Berlin GER"]
[Date "2022.02.14"]
[Round "1.2"]
[White "Dominguez Perez,L"]
[Black "Aronian,L"]
[Result "1/2-1/2"]
[WhiteElo "2752"]
[BlackElo "2772"]

1.e4 e5 2.Nf3 Nc6 3.Bc4 Nf6 4.d3 Be7 5.O-O O-O 6.Re1 d6 7.a4 Na5 8.Ba2 c5
9.c3 Nc6 10.Na3 Be6 11.Bxe6 fxe6 12.Bd2 a6 13.b4 cxb4 14.cxb4 d5 15.Nc2 b5
16.axb5 axb5 17.Rxa8 Qxa8 18.exd5 Nxd5 19.Nxe5 Ncxb4 20.Nxb4 Nxb4 21.Qb3 Qd5
22.Rb1 Qxe5 23.Bxb4 Bxb4 24.Qxb4 Qe2 25.Qc5 Qxd3 26.Qxb5 Qxb5 27.Rxb5 Rd8
28.g3 Kf7 29.Kg2 Kf6 30.h4 h6 31.Rb4  1/2-1/2